Blog no papel: reflexões de um educador à procura de saídas para a sinuca em que a escola se meteu! (Record no. 192544)

MARC details
000 -LÍDER
campo de controle de tamanho fixo 00527 a2200169 4500
001 - NÚMERO DE CONTROLE
campo de controle 192544
020 ## - ISBN - INTERNATIONAL STANDARD BOOK NUMBER
ISBN - International Standard Book Number 978-85-60911-37-0
040 ## - FONTE DA CATALOGAÇÃO
Instituição que transcreveu o registro Magnum
100 ## - ENTRADA PRINCIPAL--NOME PESSOAL
Nome pessoal Zylbersztajn, Moisés
240 10 - TÍTULO UNIFORME
Título uniforme Blog no papel: reflexões de um educador à procura de saídas para a sinuca em que a escola se meteu!
Idioma da obra por
245 10 - TÍTULO
Título Blog no papel: reflexões de um educador à procura de saídas para a sinuca em que a escola se meteu!
300 ## - DESCRIÇÃO FÍSICA
Extensão 72
362 0# - DATAS DE PUBLICAÇÃO E/OU DESIGNAÇÃO SEQUENCIAL
Datas de publicação e/ou designação sequencial 2011
440 #1 - DECLARAÇÃO DE SÉRIE/ENTRADA ADICIONADA--TÍTULO
Título Melo
697 ## - ENTRADA DE ASSUNTO LOCAL--ENTIDADE COLETIVA (RLIN)
Nome corporativo ou nome da jurisdição LITERATURA GERAL
942 ## - ELEMENTOS DE ENTRADA ADICIONADOS (KOHA)
Tipo de material Koha Livros
Holdings
Situação do descarte Situação das perdas Situação física Não pode ser emprestado Biblioteca de origem Biblioteca atual Data de aquisição Total de empréstimos Número de chamada completo Código de barras Data de último acesso Data do preço efetivo Tipo de material Koha
        Magnum Magnum 08/06/2024   658.15 MAG00070793 08/06/2024 08/06/2024 Livros